|
|
|
|
| LEADER |
00000nam0a2200000 4500 |
| 001 |
74453 |
| 005 |
20231101212748.0 |
| 010 |
|
|
|a 5060043142
|
| 035 |
|
|
|a (RuTPU)RU\TPU\book\79404
|
| 090 |
|
|
|a 74453
|
| 100 |
|
|
|a 20050304d2004 m y0rusy50 ca
|
| 101 |
0 |
|
|a rus
|
| 102 |
|
|
|a RU
|
| 105 |
|
|
|a a j 000zy
|
| 200 |
1 |
|
|a Руководство к решению задач по теоретической механике
|e учебное пособие
|f А. И. Аркуша
|
| 205 |
|
|
|a 7-е изд., стереотип.
|
| 210 |
|
|
|a Москва
|c Высшая школа
|d 2004
|
| 215 |
|
|
|a 336 с.
|c ил.
|
| 451 |
|
1 |
|0 (RuTPU)RU\TPU\book\178963
|y 978-5-06-006168-0
|t Руководство к решению задач по теоретической механике
|o учебное пособие
|f А. И. Аркуша
|e 7-е изд., стереотип.
|c Москва
|n Высшая школа
|d 2009
|p 336 с.
|a Аркуша, Александр Иоакимович
|
| 451 |
|
1 |
|0 (RuTPU)RU\TPU\book\62437
|y 5-06-004314-2
|t Руководство к решению задач по теоретической механике
|o учебное пособие
|f А. И. Аркуша
|e 6-е изд., стер.
|c Москва
|n Высшая школа
|d 2003
|p 336 с.
|a Аркуша, Александр Иоакимович
|
| 606 |
|
|
|a Механика теоретическая
|2 stltpush
|3 (RuTPU)RU\TPU\subj\59441
|9 76991
|
| 610 |
1 |
|
|a задачи
|
| 610 |
1 |
|
|a решения
|
| 610 |
1 |
|
|a руководства
|
| 610 |
1 |
|
|a учебные пособия
|
| 610 |
1 |
|
|a вектора
|
| 610 |
1 |
|
|a статика
|
| 610 |
1 |
|
|a сходящиеся силы
|
| 610 |
1 |
|
|a плоские системы
|
| 610 |
1 |
|
|a центр тяжести
|
| 610 |
1 |
|
|a кинематика
|
| 610 |
1 |
|
|a точки
|
| 610 |
1 |
|
|a вращательные движения
|
| 610 |
1 |
|
|a твердые тела
|
| 610 |
1 |
|
|a сложные движения
|
| 610 |
1 |
|
|a механизмы
|
| 610 |
1 |
|
|a динамика
|
| 675 |
|
|
|a 531(076)
|v 3
|
| 700 |
|
1 |
|a Аркуша
|b А. И.
|g Александр Иоакимович
|
| 801 |
|
1 |
|a RU
|b 63413507
|c 20050304
|g PSBO
|
| 801 |
|
2 |
|a RU
|b 63413507
|c 20201118
|g PSBO
|
| 900 |
|
|
|a Теоретическая механика
|
| 942 |
|
|
|c BK
|
| 952 |
|
|
|a 552700
|b 120000
|
| 959 |
|
|
|a 36/20090313
|d 30
|e 294,80
|f УФ:30
|